000 00527nam a2200217Ia 4500
003 OSt
005 20250424145233.0
008 210423s2011 xx 000 0 und d
020 _a8183184170
040 _cAL
041 _aeng
082 _a519.5 GUPF
100 _aGUPTA (S C).
_988428
245 _aFundamentals of statistics.
250 _a6
260 _aMumbai
_bHimalaya Publishing House
_c2011
300 _axv,25-52,I-6
_bPB
365 _b450
_cINR
906 _aFundamentals ; statistics.
942 _2ddc
_cBK
999 _c159794
_d159794